000 00872nam a22002417a 4500
999 _c15638
_d15638
003 MIRAKIL
005 20240313131706.0
008 240313b tu ||||| |||| 00| 0 tur d
020 _a9789751634481
040 _aTR-AnCHP
_cTR-AnCHP
041 _atur
082 _a819.1
_bB33 2018
245 1 0 _aBehcetü’l-hadâik fî mev’izati’l-halâik /
_chazırlayan: Mustafa Canpolat.
250 _aBirinci Baskı: Ankara, 2018 Ağustos
260 _aAnkara :
_bTürk Dil Kurumu,
_c2018.
300 _a683 sayfa, numaralandırılmamış sayfalar ;
_c24 cm
490 0 _aTürk Dil Kurumu yayınları ;
_v1279
500 _aTürkçe, Osmanlıca tıpkı basım.
504 _aKaynakça (sayfa 29-31) ve dizin var.
650 0 _97751
_aEski Türk dili
856 _zDijital Nüshası için Partimizin Kütüphane Sorumlusu ile iletişime geçiniz.
942 _2ddc
_cBKS